[Event "DVM U16 2021"]
[Site "Kiel GER"]
[Date "2022.07.23"]
[Round "2"]
[White "Gutewort, Paul Emil"]
[Black "Alms, Frithjof"]
[Result "0-1"]
[Termination "normal"]
[Board "4.2"]
[WhiteElo "1702"]
[BlackElo "1603"]
[WhiteClock "00:00:32"]
[BlackClock "00:00:38"]
[WhiteTeam "Schachfreunde Nordost Berlin"]
[BlackTeam "DJK Arminia Eilendorf 1919 e. V."]
[PlyCount "150"]
[WhiteFideId "16204182"]
[BlackFideId "16258398"]
[EventCountry "GER"]
[EventRounds "7"]
[EventType "team-swiss"]
[EventDate "2022.07.22"]

1. c4 {[%clk 01:30:57]} {[%emt 00:00:02]} c6 {[%clk 01:30:50]} {[%emt
00:00:11]} 2. g3 {[%clk 01:29:49]} {[%emt 00:01:38]} d5 {[%clk 01:30:05]}
{[%emt 00:01:15]} 3. Bg2 {[%clk 01:29:18]} {[%emt 00:01:00]} Nf6 {[%clk
01:29:40]} {[%emt 00:00:56]} 4. Nf3 {[%clk 01:29:01]} {[%emt 00:00:46]} Bf5
{[%clk 01:27:17]} {[%emt 00:02:54]} 5. b3 {[%clk 01:27:59]} {[%emt 00:01:33]}
e6 {[%clk 01:26:08]} {[%emt 00:01:39]} 6. Bb2 {[%clk 01:27:36]} {[%emt
00:00:52]} Nbd7 {[%clk 01:24:55]} {[%emt 00:01:43]} 7. O-O {[%clk 01:27:30]}
{[%emt 00:00:35]} Bd6 {[%clk 01:22:15]} {[%emt 00:03:11]} 8. d4 {[%clk
01:25:57]} {[%emt 00:02:02]} O-O {[%clk 01:21:19]} {[%emt 00:01:27]} 9. Nbd2
{[%clk 01:24:55]} {[%emt 00:01:31]} a5 {[%clk 01:18:18]} {[%emt 00:03:33]} 10.
Ne5 {[%clk 01:15:41]} {[%emt 00:09:43]} Qc7 {[%clk 01:15:39]} {[%emt 00:03:09]}
11. Nxd7 {[%clk 01:13:46]} {[%emt 00:02:25]} Qxd7 {[%clk 01:15:27]} {[%emt
00:00:42]} 12. Re1 {[%clk 01:02:18]} {[%emt 00:11:56]} Rfd8 {[%clk 01:11:34]}
{[%emt 00:04:24]} 13. c5 {[%clk 00:56:45]} {[%emt 00:06:03]} Be7 {[%clk
01:08:13]} {[%emt 00:03:50]} 14. Nf3 {[%clk 00:53:37]} {[%emt 00:03:38]} b6
{[%clk 00:58:04]} {[%emt 00:10:40]} 15. cxb6 {[%clk 00:41:19]} {[%emt
00:12:47]} Qb7 {[%clk 00:58:06]} {[%emt 00:00:28]} 16. Ne5 {[%clk 00:39:17]}
{[%emt 00:02:32]} Qxb6 {[%clk 00:57:28]} {[%emt 00:01:08]} 17. Rc1 {[%clk
00:38:52]} {[%emt 00:00:55]} Rac8 {[%clk 00:54:36]} {[%emt 00:03:23]} 18. e3
{[%clk 00:32:47]} {[%emt 00:06:34]} Bb4 {[%clk 00:40:34]} {[%emt 00:14:32]} 19.
Re2 {[%clk 00:28:58]} {[%emt 00:04:18]} Rc7 {[%clk 00:31:43]} {[%emt 00:09:22]}
20. Nd3 {[%clk 00:26:51]} {[%emt 00:02:37]} Nd7 {[%clk 00:19:09]} {[%emt
00:13:05]} 21. e4 {[%clk 00:21:26]} {[%emt 00:05:55]} Bg6 {[%clk 00:17:53]}
{[%emt 00:01:46]} 22. Nf4 {[%clk 00:20:10]} {[%emt 00:01:46]} Rdc8 {[%clk
00:15:40]} {[%emt 00:02:44]} 23. Nxg6 {[%clk 00:20:04]} {[%emt 00:00:36]} hxg6
{[%clk 00:16:03]} {[%emt 00:00:07]} 24. Rec2 {[%clk 00:18:39]} {[%emt
00:01:55]} Qb5 {[%clk 00:11:38]} {[%emt 00:04:55]} 25. h4 {[%clk 00:13:39]}
{[%emt 00:05:29]} Nf6 {[%clk 00:08:58]} {[%emt 00:03:11]} 26. Qe2 {[%clk
00:08:16]} {[%emt 00:05:52]} Qxe2 {[%clk 00:07:41]} {[%emt 00:01:48]} 27. Rxe2
{[%clk 00:08:41]} {[%emt 00:00:05]} dxe4 {[%clk 00:04:03]} {[%emt 00:04:08]}
28. Bxe4 {[%clk 00:08:21]} {[%emt 00:00:49]} Nxe4 {[%clk 00:01:39]} {[%emt
00:02:55]} 29. Rxe4 {[%clk 00:08:43]} {[%emt 00:00:07]} c5 {[%clk 00:02:03]}
{[%emt 00:00:06]} 30. dxc5 {[%clk 00:08:46]} {[%emt 00:00:27]} Rxc5 {[%clk
00:01:31]} {[%emt 00:01:03]} 31. Rxc5 {[%clk 00:08:25]} {[%emt 00:00:51]} Rxc5
{[%clk 00:00:56]} {[%emt 00:01:05]} 32. Re2 {[%clk 00:07:22]} {[%emt 00:01:32]}
Rc8 {[%clk 00:00:56]} {[%emt 00:00:31]} 33. Bd4 {[%clk 00:06:39]} {[%emt
00:01:13]} Kf8 {[%clk 00:00:45]} {[%emt 00:00:41]} 34. Kg2 {[%clk 00:06:45]}
{[%emt 00:00:23]} Rd8 {[%clk 00:00:50]} {[%emt 00:00:26]} 35. Be5 {[%clk
00:05:28]} {[%emt 00:01:46]} f6 {[%clk 00:00:53]} {[%emt 00:00:28]} 36. Bc7
{[%clk 00:04:53]} {[%emt 00:01:04]} Rc8 {[%clk 00:01:08]} {[%emt 00:00:15]} 37.
Bb6 {[%clk 00:04:42]} {[%emt 00:00:40]} Ke7 {[%clk 00:01:28]} {[%emt 00:00:11]}
38. Kf3 {[%clk 00:04:08]} {[%emt 00:01:04]} e5 {[%clk 00:01:33]} {[%emt
00:00:26]} 39. g4 {[%clk 00:03:45]} {[%emt 00:00:53]} Rc6 {[%clk 00:01:24]}
{[%emt 00:00:39]} 40. Be3 {[%clk 00:03:30]} {[%emt 00:00:45]} Rc3 {[%clk
00:01:42]} {[%emt 00:00:12]} 41. Kg2 {[%clk 00:03:37]} {[%emt 00:00:21]} Ke6
{[%clk 00:01:20]} {[%emt 00:00:53]} 42. h5 {[%clk 00:00:52]} {[%emt 00:03:15]}
gxh5 {[%clk 00:01:15]} {[%emt 00:00:36]} 43. gxh5 {[%clk 00:01:15]} {[%emt
00:00:06]} Rc8 {[%clk 00:01:21]} {[%emt 00:00:24]} 44. h6 {[%clk 00:23:34]}
{[%emt 00:08:11]} gxh6 {[%clk 00:23:59]} {[%emt 00:07:52]} 45. Bxh6 {[%clk
00:22:48]} {[%emt 00:01:16]} Kf5 {[%clk 00:21:34]} {[%emt 00:02:56]} 46. f3
{[%clk 00:16:45]} {[%emt 00:06:33]} Bc5 {[%clk 00:20:28]} {[%emt 00:01:37]} 47.
Bd2 {[%clk 00:14:36]} {[%emt 00:02:39]} Rg8+ {[%clk 00:19:44]} {[%emt
00:01:13]} 48. Kh3 {[%clk 00:14:13]} {[%emt 00:00:52]} Bb6 {[%clk 00:19:50]}
{[%emt 00:00:24]} 49. a4 {[%clk 00:10:58]} {[%emt 00:03:45]} Rd8 {[%clk
00:19:43]} {[%emt 00:00:37]} 50. b4 {[%clk 00:10:22]} {[%emt 00:01:07]} axb4
{[%clk 00:15:41]} {[%emt 00:04:32]} 51. Bxb4 {[%clk 00:10:44]} {[%emt
00:00:07]} Rd4 {[%clk 00:15:27]} {[%emt 00:00:43]} 52. a5 {[%clk 00:10:25]}
{[%emt 00:00:50]} Rxb4 {[%clk 00:15:38]} {[%emt 00:00:19]} 53. axb6 {[%clk
00:10:50]} {[%emt 00:00:05]} Rxb6 {[%clk 00:16:04]} {[%emt 00:00:04]} 54. Re4
{[%clk 00:08:21]} {[%emt 00:02:58]} Rd6 {[%clk 00:15:10]} {[%emt 00:01:25]} 55.
Kg3 {[%clk 00:07:50]} {[%emt 00:01:01]} Rd4 {[%clk 00:14:01]} {[%emt 00:01:39]}
56. Re2 {[%clk 00:08:06]} {[%emt 00:00:14]} Kg5 {[%clk 00:08:55]} {[%emt
00:05:35]} 57. Kf2 {[%clk 00:06:08]} {[%emt 00:02:27]} Kf4 {[%clk 00:09:13]}
{[%emt 00:00:13]} 58. Ra2 {[%clk 00:06:30]} {[%emt 00:00:08]} f5 {[%clk
00:08:52]} {[%emt 00:00:52]} 59. Ke2 {[%clk 00:05:25]} {[%emt 00:01:34]} Kg3
{[%clk 00:04:32]} {[%emt 00:04:50]} 60. Ra5 {[%clk 00:04:47]} {[%emt 00:01:08]}
Rb4 {[%clk 00:04:42]} {[%emt 00:00:20]} 61. Rxe5 {[%clk 00:04:04]} {[%emt
00:01:13]} Rb2+ {[%clk 00:05:03]} {[%emt 00:00:09]} 62. Ke1 {[%clk 00:03:07]}
{[%emt 00:01:26]} f4 {[%clk 00:05:14]} {[%emt 00:00:19]} 63. Ra5 {[%clk
00:02:05]} {[%emt 00:01:32]} Kxf3 {[%clk 00:03:51]} {[%emt 00:01:53]} 64. Ra3+
{[%clk 00:02:29]} {[%emt 00:00:05]} Kg2 {[%clk 00:04:05]} {[%emt 00:00:16]} 65.
Ra8 {[%clk 00:02:53]} {[%emt 00:00:06]} Rb1+ {[%clk 00:04:02]} {[%emt
00:00:33]} 66. Kd2 {[%clk 00:02:15]} {[%emt 00:01:08]} Kf2 {[%clk 00:03:26]}
{[%emt 00:01:07]} 67. Rg8 {[%clk 00:02:28]} {[%emt 00:00:16]} f3 {[%clk
00:03:19]} {[%emt 00:00:38]} 68. Rf8 {[%clk 00:01:43]} {[%emt 00:01:15]} Rb5
{[%clk 00:03:02]} {[%emt 00:00:47]} 69. Kd3 {[%clk 00:01:39]} {[%emt 00:00:34]}
Re5 {[%clk 00:01:12]} {[%emt 00:02:19]} 70. Rg8 {[%clk 00:01:45]} {[%emt
00:00:24]} Kf1 {[%clk 00:01:27]} {[%emt 00:00:15]} 71. Kd2 {[%clk 00:01:51]}
{[%emt 00:00:24]} f2 {[%clk 00:01:01]} {[%emt 00:00:56]} 72. Rd8 {[%clk
00:01:33]} {[%emt 00:00:47]} Rg5 {[%clk 00:00:40]} {[%emt 00:00:52]} 73. Ke3
{[%clk 00:00:32]} {[%emt 00:01:31]} Kg1 {[%clk 00:00:47]} {[%emt 00:00:23]} 74.
Kf4 {[%clk 00:00:32]} {[%emt 00:00:30]} Rg7 {[%clk 00:00:38]} {[%emt 00:00:39]}
75. Rd1+ {[%emt 00:00:31]} f1=Q+ {[%emt 00:00:09]} 0-1

[Event "DVM U16 2021"]
[Site "Kiel GER"]
[Date "2022.07.23"]
[Round "2"]
[White "Mainka, Ingmar"]
[Black "Duduka, Artem"]
[Result "0-1"]
[Termination "normal"]
[Board "4.3"]
[WhiteElo "1432"]
[BlackElo "1566"]
[WhiteClock "01:09:40"]
[BlackClock "00:51:39"]
[WhiteTeam "DJK Arminia Eilendorf 1919 e. V."]
[BlackTeam "Schachfreunde Nordost Berlin"]
[PlyCount "100"]
[WhiteFideId "16254937"]
[BlackFideId "14194805"]
[EventCountry "GER"]
[EventRounds "7"]
[EventType "team-swiss"]
[EventDate "2022.07.22"]

1. e4 {[%clk 01:30:59]} {[%emt 01:16:15]} e5 {[%clk 01:30:43]} {[%emt
00:00:17]} 2. Nf3 {[%clk 01:31:23]} {[%emt 00:00:06]} Nc6 {[%clk 01:31:07]}
{[%emt 00:00:06]} 3. d4 {[%clk 01:31:39]} {[%emt 00:00:14]} exd4 {[%clk
01:31:26]} {[%emt 00:00:11]} 4. Nxd4 {[%clk 01:32:05]} {[%emt 00:00:04]} Bc5
{[%clk 01:31:49]} {[%emt 00:00:07]} 5. Be3 {[%clk 01:32:31]} {[%emt 00:00:04]}
Qf6 {[%clk 01:32:13]} {[%emt 00:00:05]} 6. c3 {[%clk 01:32:57]} {[%emt
00:00:04]} Nge7 {[%clk 01:32:39]} {[%emt 00:00:05]} 7. Bc4 {[%clk 01:33:20]}
{[%emt 00:00:07]} O-O {[%clk 01:31:54]} {[%emt 00:01:15]} 8. O-O {[%clk
01:33:43]} {[%emt 00:00:06]} Bb6 {[%clk 01:31:26]} {[%emt 00:00:58]} 9. Re1
{[%clk 01:33:12]} {[%emt 00:01:01]} d6 {[%clk 01:31:04]} {[%emt 00:00:51]} 10.
Na3 {[%clk 01:31:52]} {[%emt 00:01:50]} a6 {[%clk 01:29:57]} {[%emt 00:01:37]}
11. Nac2 {[%clk 01:31:57]} {[%emt 00:00:26]} Bd7 {[%clk 01:26:31]} {[%emt
00:03:56]} 12. Qd2 {[%clk 01:30:15]} {[%emt 00:02:12]} Ne5 {[%clk 01:22:55]}
{[%emt 00:04:05]} 13. Bb3 {[%clk 01:29:45]} {[%emt 00:01:01]} N7c6 {[%clk
01:22:54]} {[%emt 00:00:30]} 14. Nxc6 {[%clk 01:25:23]} {[%emt 00:04:53]} Bxe3
{[%clk 01:21:39]} {[%emt 00:01:46]} 15. Nxe3 {[%clk 01:25:35]} {[%emt
00:00:18]} Bxc6 {[%clk 01:21:41]} {[%emt 00:00:27]} 16. Nd5 {[%clk 01:25:38]}
{[%emt 00:00:27]} Bxd5 {[%clk 01:22:01]} {[%emt 00:00:10]} 17. exd5 {[%clk
01:25:27]} {[%emt 00:00:41]} Rfe8 {[%clk 01:20:13]} {[%emt 00:02:17]} 18. Re3
{[%clk 01:24:41]} {[%emt 00:01:17]} Re7 {[%clk 01:16:54]} {[%emt 00:03:47]} 19.
Rae1 {[%clk 01:24:05]} {[%emt 00:01:08]} Rae8 {[%clk 01:14:59]} {[%emt
00:02:24]} 20. Qd4 {[%clk 01:23:23]} {[%emt 00:01:14]} Qg6 {[%clk 01:13:00]}
{[%emt 00:02:29]} 21. Qf4 {[%clk 01:22:01]} {[%emt 00:01:51]} Kf8 {[%clk
01:07:11]} {[%emt 00:06:18]} 22. Qg3 {[%clk 01:14:52]} {[%emt 00:07:40]} Qxg3
{[%clk 01:06:48]} {[%emt 00:00:53]} 23. hxg3 {[%clk 01:15:10]} {[%emt
00:00:12]} Nd3 {[%clk 01:06:18]} {[%emt 00:01:00]} 24. Rxe7 {[%clk 01:14:54]}
{[%emt 00:00:47]} Rxe7 {[%clk 01:06:36]} {[%emt 00:00:11]} 25. Rb1 {[%clk
01:15:22]} {[%emt 00:00:02]} Re2 {[%clk 01:02:08]} {[%emt 00:04:58]} 26. Bc4
{[%clk 01:15:23]} {[%emt 00:00:30]} Rd2 {[%clk 01:02:32]} {[%emt 00:00:06]} 27.
f3 {[%clk 01:14:22]} {[%emt 00:01:31]} b5 {[%clk 01:01:32]} {[%emt 00:01:30]}
28. Bxd3 {[%clk 01:13:55]} {[%emt 00:00:58]} Rxd3 {[%clk 01:01:57]} {[%emt
00:00:05]} 29. Kf2 {[%clk 01:13:14]} {[%emt 00:01:11]} Rxd5 {[%clk 01:02:20]}
{[%emt 00:00:08]} 30. Ke3 {[%clk 01:13:27]} {[%emt 00:00:16]} c5 {[%clk
01:02:10]} {[%emt 00:00:37]} 31. a4 {[%clk 01:13:16]} {[%emt 00:00:43]} b4
{[%clk 01:00:49]} {[%emt 00:01:51]} 32. cxb4 {[%clk 01:12:51]} {[%emt
00:00:56]} cxb4 {[%clk 01:01:09]} {[%emt 00:00:09]} 33. Rc1 {[%clk 01:13:13]}
{[%emt 00:00:09]} Ke7 {[%clk 01:00:27]} {[%emt 00:01:08]} 34. f4 {[%clk
01:11:11]} {[%emt 00:02:36]} Rc5 {[%clk 00:59:54]} {[%emt 00:01:02]} 35. Re1
{[%clk 01:11:31]} {[%emt 00:00:11]} Kd7 {[%clk 00:59:58]} {[%emt 00:00:26]} 36.
Re2 {[%clk 01:11:46]} {[%emt 00:00:15]} Ra5 {[%clk 01:00:06]} {[%emt 00:00:22]}
37. b3 {[%clk 01:09:31]} {[%emt 00:02:45]} Rc5 {[%clk 01:00:32]} {[%emt
00:00:05]} 38. Kd4 {[%clk 01:09:06]} {[%emt 00:00:54]} Rc3 {[%clk 01:00:46]}
{[%emt 00:00:15]} 39. Re3 {[%clk 01:09:29]} {[%emt 00:00:08]} Rc2 {[%clk
00:59:50]} {[%emt 00:01:26]} 40. Rd3 {[%clk 01:09:13]} {[%emt 00:00:46]} a5
{[%clk 00:59:30]} {[%emt 00:00:50]} 41. Kd5 {[%clk 01:07:53]} {[%emt 00:01:50]}
Rxg2 {[%clk 00:56:47]} {[%emt 00:03:13]} 42. Kc4 {[%clk 01:08:03]} {[%emt
00:00:21]} Kc6 {[%clk 00:56:29]} {[%emt 00:00:47]} 43. Kd4 {[%clk 01:08:17]}
{[%emt 00:00:17]} Rc2 {[%clk 00:55:03]} {[%emt 00:01:52]} 44. Re3 {[%clk
01:08:29]} {[%emt 00:00:21]} Kd7 {[%clk 00:55:25]} {[%emt 00:00:07]} 45. Rd3
{[%clk 01:08:48]} {[%emt 00:00:12]} f6 {[%clk 00:53:57]} {[%emt 00:01:58]} 46.
Ke4 {[%clk 01:08:16]} {[%emt 00:01:03]} Rc3 {[%clk 00:51:30]} {[%emt 00:02:57]}
47. Rxc3 {[%clk 01:08:32]} {[%emt 00:00:14]} bxc3 {[%clk 00:51:56]} {[%emt
00:00:04]} 48. Kd3 {[%clk 01:08:57]} {[%emt 00:00:04]} Kc6 {[%clk 00:52:23]}
{[%emt 00:00:03]} 49. Kxc3 {[%clk 01:09:22]} {[%emt 00:00:05]} Kc5 {[%clk
00:52:42]} {[%emt 00:00:10]} 50. g4 {[%clk 01:09:40]} {[%emt 00:00:12]} f5
{[%clk 00:51:39]} {[%emt 00:01:34]} 0-1

[Event "DVM U16 2021"]
[Site "Kiel GER"]
[Date "2022.07.23"]
[Round "2"]
[White "Beck, Felix"]
[Black "Sassenscheidt, Julius"]
[Result "1-0"]
[Termination "normal"]
[Board "4.4"]
[WhiteElo "1501"]
[BlackElo "1383"]
[WhiteClock "00:21:40"]
[BlackClock "00:22:05"]
[WhiteTeam "Schachfreunde Nordost Berlin"]
[BlackTeam "DJK Arminia Eilendorf 1919 e. V."]
[PlyCount "39"]
[WhiteFideId "16255364"]
[BlackFideId "16258509"]
[EventCountry "GER"]
[EventRounds "7"]
[EventType "team-swiss"]
[EventDate "2022.07.22"]

1. c4 {[%clk 01:30:57]} {[%emt 00:00:03]} e6 {[%clk 01:30:32]} {[%emt
00:00:28]} 2. g3 {[%clk 01:31:14]} {[%emt 00:00:13]} Nf6 {[%clk 01:28:54]}
{[%emt 00:02:08]} 3. Bg2 {[%clk 01:31:32]} {[%emt 00:00:11]} d5 {[%clk
01:29:02]} {[%emt 00:00:22]} 4. Nf3 {[%clk 01:31:21]} {[%emt 00:00:41]} Be7
{[%clk 01:26:30]} {[%emt 00:03:03]} 5. b3 {[%clk 01:31:05]} {[%emt 00:00:46]}
O-O {[%clk 01:25:53]} {[%emt 00:01:06]} 6. Bb2 {[%clk 01:31:07]} {[%emt
00:00:28]} Nbd7 {[%clk 01:25:00]} {[%emt 00:01:23]} 7. O-O {[%clk 01:28:53]}
{[%emt 00:02:44]} Nb6 {[%clk 01:23:19]} {[%emt 00:02:12]} 8. Qc2 {[%clk
01:26:43]} {[%emt 00:02:40]} Nbd7 {[%clk 01:09:10]} {[%emt 00:14:39]} 9. d4
{[%clk 01:25:57]} {[%emt 00:01:16]} c6 {[%clk 01:07:57]} {[%emt 00:01:43]} 10.
e3 {[%clk 01:24:22]} {[%emt 00:02:04]} h6 {[%clk 01:07:00]} {[%emt 00:01:27]}
11. Nc3 {[%clk 01:21:54]} {[%emt 00:02:59]} b6 {[%clk 01:02:49]} {[%emt
00:04:41]} 12. Rfd1 {[%clk 01:05:03]} {[%emt 00:17:20]} c5 {[%clk 00:52:01]}
{[%emt 00:11:19]} 13. Ne5 {[%clk 00:54:20]} {[%emt 00:11:13]} Bb7 {[%clk
00:45:14]} {[%emt 00:07:17]} 14. h3 {[%clk 00:48:22]} {[%emt 00:06:27]} Rb8
{[%clk 00:36:13]} {[%emt 00:09:31]} 15. cxd5 {[%clk 00:34:55]} {[%emt
00:13:58]} cxd4 {[%clk 00:31:53]} {[%emt 00:04:50]} 16. Nxd7 {[%clk 00:28:38]}
{[%emt 00:06:46]} dxc3 {[%clk 00:24:57]} {[%emt 00:07:26]} 17. Nxf6+ {[%clk
00:24:56]} {[%emt 00:04:12]} Bxf6 {[%clk 00:24:33]} {[%emt 00:00:54]} 18. Ba3
{[%clk 00:21:47]} {[%emt 00:03:40]} Re8 {[%clk 00:21:48]} {[%emt 00:03:15]} 19.
dxe6 {[%clk 00:22:05]} {[%emt 00:00:11]} Qc7 {[%clk 00:22:05]} {[%emt
00:00:13]} 20. Bd6 {[%clk 00:21:40]} {[%emt 00:00:56]} 1-0